000 00384nam a2200157Ia 4500
008 230524s9999 xx 000 0 und d
082 _a510.21
_bPON
100 _aS.Ponnusamy
_98995
245 0 _aFoundations of Complex Analysis
250 _a2ND
260 _aNEW DELHI
_bNarosa
_c2005
300 _aXI;508
500 _aQuantity Number: 1
650 _aMathematics
942 _cBK
999 _c12876
_d12876